Normal view
MARC view
Entry Nombre personal
001 - NÚMERO DE CONTROL
- campo de control: 187331
003 - IDENTIFICADOR DE NÚMERO DE CONTROL
- campo de control: ES-MaACL
005 - FECHA Y HORA DE LA ÚLTIMA TRANSACCIÓN
- campo de control: 20230517075338.0
008 - ELEMENTOS DE DATO DE LONGITUD-FIJA
- campo de control de longitud fija: 230517|| aca||aabn | a|a d
040 ## - FUENTE DE CATALOGACIÓN
- Centro catalogador/agencia de origen: ES-MaACL
- Centro/agencia transcriptor: ES-MaACL
100 ## - ENCABEZAMIENTO-NOMBRE DE PERSONA
- Nombre de persona: Alday y Aspee, Manuel de
- Títulos y otros términos asociados al nombre: Obispo de Santiago de Chile
670 ## - FUENTE DE DATOS ENCONTRADOS
- Cita de la fuente: Work cat.: (ES-MaACL)144328: Santiago de Chile (Diócesis). Sínodo (1688) 6503, Sínodos de Santiago de Chile de 1688 y 1763 / , 1983 (
